MARC

LEADER 00000nam0a2200000 4500
001 34423
005 20231101210232.0
010 |a 5247005872 
035 |a (RuTPU)RU\TPU\book\34817 
035 |a BOOK00001468 
090 |a 34423 
100 |a 20011210d1989 m y0rusy50 ca 
101 0 |a rus 
102 |a RU 
105 |a y j 000zy 
200 1 |a Гидрогеология и инженерная геология  |e учебное пособие  |f А. М. Гальперин, В. С. Зайцев, Ю. А. Норватов 
210 |a Москва  |c Недра  |d 1989 
215 |a 383 с. 
225 1 |a Высшее образование 
606 1 |a Гидрогеология  |2 stltpush  |3 (RuTPU)RU\TPU\subj\38647  |9 59032 
606 1 |a Инженерная геология  |2 stltpush  |3 (RuTPU)RU\TPU\subj\12572  |9 39335 
610 1 |a горнопромышленная гидрогеология 
610 1 |a воды подземные 
610 1 |a динамика 
610 1 |a задачи 
610 1 |a грунтоведение 
610 1 |a инженерная геодинамика 
610 1 |a теория 
610 1 |a учебные пособия 
675 |a 556.3(075.8)  |v 3 
675 |a 624.131.1(075.8)  |v 3 
700 1 |a Гальперин  |b А. М.  |g Анатолий Моисеевич 
701 1 |a Зайцев  |b В. С.  |g Владимир Сергеевич 
701 1 |a Норватов  |b Ю. А.  |g Юлий Александрович 
801 0 |a RU  |b 63413507  |c 20011210  |g PSBO 
801 2 |a RU  |b 63413507  |c 20200907  |g PSBO 
900 |a Гидрогеология и инженерная геология 
900 |a Основы гидрогеологии и инженерной геологии 
900 |a Общая инженерная геология 
900 |a Гидрогеология и инженерная геология МПИ 
942 |c BK